000 00400pab a2200145 454500
008 180718b1985 xxu||||| |||| 00| 0 eng d
100 _aPoodhun, E.E.
245 _aIndian Policewomen in South African Police force
260 _c1985
300 _a1-2
362 _aJan.-June
650 _aPolice Women - South Africa
773 _aIndian Journal of Criminology and Criminalistics
909 _a15216
999 _c15216
_d15216